The River Bank

Bibliographic Details
Other Authors: Cloke, Rene (illustrated)
Format: Book
Published: London : Award Publications , 1992
Subjects:

MARC

LEADER 00000cam a2200000 7i4500
001 0000009937
002 000010825
005 .0
020 |a 0861634616 
090 0 0 |a JF   |b RIV 
245 0 4 |a The River Bank 
260 |a London :   |b Award Publications ,   |c 1992 
300 |a 29p. :   |b ill. ;   |c 20cm. 
650 0 0 |a Children's stories 
700 1 |a Cloke, Rene ,   |e illustrated 
999 |a 081633   |b BUKU   |c PINJAMAN   |e PERPUSTAKAAN KOMUNITI PETALING JAYA 
999 |a 081634   |b BUKU   |c PINJAMAN   |e PERPUSTAKAAN KOMUNITI PETALING JAYA